[Event "Match"]
[Site "www.echecsemail.com"]
[Date "2016.04.01"]
[Round "1"]
[White "Liencam2"]
[Black "Fangshuo"]
[WhiteElo "2320"]
[BlackElo "2100"]
[Result "1-0"]
[Round "1"]
1.e4 e6
2.Qd1e2 c5
3.Ng1f3 Nb8c6
4.c3 Qd8b6
5.g3 Ng8e7
6.Bf1g2 d6
7.O-O Ne7g6
8.Nb1a3 Bf8e7
9.Na3c4 Qb6c7
10.d4 b5
11.Nc4a3 a6
12.Bc1e3 O-O
13.Ra1d1 c4
14.Nf3d2 Bc8d7
15.f4 e5
16.f5 Ng6h8
17.d5 Nc6a5
18.Na3c2 Na5b7
19.g4 f6
20.h4 Nh8f7
21.Qe2f2 Qc7a5
22.Rd1a1 Be7d8
23.g5 fxg5
24.Nd2f3 gxh4
25.Nf3xh4 Nb7c5
26.Qf2g3 Nc5d3
27.f6 Bd8xf6
28.Rf1xf6 Nd3xb2
29.Nc2b4 Nb2d3
30.Be3h6 Nf7xh6
31.Rf6xh6 Nd3xb4
32.Rh6xd6 Rf8f7
33.cxb4 Qa5xb4
34.Qg3xe5 c3
35.Ra1c1 Qb4c5
36.Kh1 c2
37.Nh4f3 Ra8e8
38.Qe5g3 Re8xe4
39.Nf3g5 Re4e3
40.Qg3h2 Bd7f5
41.Ng5xf7 Kxf7
42.Rd6c6 Qc5d4
43.Rc6xc2 Bf5xc2
44.Qh2c7 Kg6
45.Qc7xc2 Kh5
46.Qc2xh7 Kg5
47.Rc1f1 Qd4h4
48.Qh7xh4 Kxh4
49.Rf1d1 Re3e8
50.d6 { resign }
1-0

[Event "Match"]
[Site "www.echecsemail.com"]
[Date "2016.04.01"]
[Round "1"]
[White "Sonny1000"]
[Black "Chessexpert"]
[WhiteElo "1600"]
[BlackElo "1480"]
[Result "0-1"]
[Round "1"]
1.e4 e5
2.Nb1c3 Ng8f6
3.g4 h6
4.Ng1h3 Bf8c5
5.b4 Bc5d4
6.Bc1b2 d6
7.Bf1b5 c6
8.Bb5c4 O-O
9.Nc3d5 cxd5
10.exd5 Bd4xb2
11.Ra1b1 Bb2d4
12.Bc4b5 Bc8xg4
13.Bb5e2 Bg4xh3
14.Qd1c1 Nf6xd5
15.Rh1g1 Qd8h4
16.b5 Qh4xf2
{ resign }
0-1

[Event "Match"]
[Site "www.echecsemail.com"]
[Date "2016.04.01"]
[Round "1"]
[White "Elogic"]
[Black "Darknight"]
[WhiteElo "1880"]
[BlackElo "1670"]
[Result "1-0"]
[Round "1"]
1.d4 d5
2.c4 e6
3.c5 e5
4.dxe5 Bf8xc5
5.Nb1c3 d4
6.Nc3e4 Bc5b6
7.e3 Bc8f5
8.Ne4g3 Bf5g6
9.e4 Nb8c6
10.f4 h6
11.f5 Bg6h7
12.e6 f6
13.Qd1h5 Ke7
14.Qh5f7 Kd6
15.b3 Nc6b4
16.Bc1a3 Bb6c5
17.e5 fxe5
18.Ng3e4 Kc6
19.Ne4xc5 Nb4c2
20.Kd1 Nc2xa1
21.Ng1f3 Qd8d6
22.Ba3b4 b6
23.Nf3xe5 Qd6xe5
24.Qf7d7 
1-0

[Event "Match"]
[Site "www.echecsemail.com"]
[Date "2016.04.01"]
[Round "1"]
[White "Chessexpert"]
[Black "Mrmoto"]
[WhiteElo "1400"]
[BlackElo "1570"]
[Result "1-0"]
[Round "1"]
1.e4 c5
2.Nb1c3 a6
3.g3 d6
4.Bf1g2 e5
5.Ng1e2 Nb8c6
6.O-O h6
7.d3 Bc8e6
8.f4 Qd8b6
9.Kh1 f6
10.fxe5 dxe5
11.b3 O-O-O
12.Bc1b2 Ng8e7
13.Qd1e1 g5
14.Rf1xf6 Be6d7
15.Nc3d5 Ne7xd5
16.exd5 Bf8g7
17.dxc6 Bg7xf6
18.cxd7 { resign }
1-0

[Event "Match"]
[Site "www.echecsemail.com"]
[Date "2016.04.01"]
[Round "1"]
[White "Elogic"]
[Black "Wagner"]
[WhiteElo "1800"]
[BlackElo "1730"]
[Result "0-1"]
[Round "1"]
1.g3 e5
2.e4 d5
3.exd5 Qd8xd5
4.f3 Bc8d7
5.b3 Bf8c5
6.Bf1g2 Qd5d4
7.c3 Qd4f2
{ resign }
0-1

[Event "Match"]
[Site "www.echecsemail.com"]
[Date "2016.04.01"]
[Round "1"]
[White "Mrynmryn"]
[Black "Caspito"]
[WhiteElo "1599"]
[BlackElo "1730"]
[Result "1-0"]
[Round "1"]
1.Ng1f3 Nb8c6
2.d4 d5
3.Bc1f4 e6
4.e3 Bf8d6
5.Bf4xd6 Qd8xd6
6.b3 Ng8f6
7.c4 b6
8.Nb1d2 O-O
9.Bf1d3 Nc6b4
10.Bd3b1 Bc8a6
11.a3 Nb4c6
12.Qd1c2 Nf6g4
13.Qc2xh7 
1-0

[Event "Match"]
[Site "www.echecsemail.com"]
[Date "2016.04.01"]
[Round "1"]
[White "Tonino1"]
[Black "Geodad5"]
[WhiteElo "2200"]
[BlackElo "2140"]
[Result "0-1"]
[Round "1"]
1.d4 d5
2.Ng1f3 Ng8f6
3.e3 Bc8g4
4.Bf1d3 e6
5.b3 Bf8d6
6.Bc1b2 O-O
7.Nb1d2 Nb8d7
8.O-O a6
9.h3 Bg4xf3
10.Nd2xf3 h6
11.Nf3e5 c5
12.f4 b5
13.g4 c4
14.Bd3e2 Nf6e4
15.Kg2 Bd6b4
16.a3 Nd7xe5
17.fxe5 Bb4e7
18.Be2f3 Ne4g5
19.b4 Qd8d7
20.c3 f6
21.exf6 Rf8xf6
22.Qd1e2 Ra8f8
 { time }
0-1

[Event "1/64 Finale"]
[Site "www.chess-mail.com"]
[Date "2016.04.01"]
[Round "1"]
[White "Hundegana"]
[Black "Emmanuel69"]
[WhiteElo "1960"]
[BlackElo "1880"]
[Result "1-0"]
[Round "1"]
1.d4 d5
2.f4 e6
3.c3 g6
4.Ng1f3 Bf8g7
5.Qd1c2 Ng8f6
6.Nb1d2 O-O
7.e3 a6
8.b3 Nb8d7
9.h3 c5
10.Bc1a3 b6
11.Bf1e2 Rf8e8
12.Nf3e5 Nd7xe5
13.fxe5 Nf6d7
14.O-O Bc8b7
15.Rf1f2 f5
16.Ra1f1 Qd8c7
17.g4 Bg7f8
18.gxf5 exf5
19.Nd2f3 Kg7
20.Rf2g2 cxd4
21.Ba3xf8 Kxf8
22.exd4 Kg7
23.Rf1c1 b5
24.h4 Re8e6
25.h5 Ra8c8
26.Qc2d2 Qc7d8
27.h6 Kg8
28.Be2d3 Kh8
29.Nf3g5 Re6e7
30.Qd2e3 Qd8f8
31.Rg2f2 Nd7b6
32.e6 Nb6d7
33.Rf2e2 Nd7f6
34.Qe3f4 Kg8
35.Re2h2 Nf6h5
36.Rh2xh5 gxh5
37.Bd3xf5 Qf8xh6
38.Kh2 Rc8f8
39.Rc1g1 Re7g7
40.Bf5xh7 Rg7xh7
41.Ng5f7 Qh6g7
42.Rg1xg7 Rh7xg7
43.Nf7h6 { resign }
1-0

[Event "Eq:SIETE ESTRELLAS VERDES-Slap Shot Mates : "]
[Site "www.chess-mail.com"]
[Date "2016.04.01"]
[Round "1"]
[White "Paaliaq"]
[Black "Caspito"]
[WhiteElo "2330"]
[BlackElo "1750"]
[Result "1-0"]
[Round "1"]
1.d4 Ng8f6
2.Bc1g5 g6
3.c3 Bf8g7
4.Ng1f3 d5
5.Nb1d2 O-O
6.e3 Bc8f5
7.h3 a6
8.g4 Bf5e4
9.Bg5xf6 exf6
10.Nd2xe4 dxe4
11.Nf3d2 Qd8e7
12.Bf1g2 f5
13.gxf5 gxf5
14.h4 h6
15.Qd1h5 Qe7e6
16.Bg2h3 Qe6g6
17.Qh5xf5 Qg6b6
18.Rh1g1 Kh8
19.O-O-O a5
20.Rg1xg7 { resign }
1-0

[Event "Tourn. n8665"]
[Site "www.chess-mail.com"]
[Date "2016.04.02"]
[Round "1"]
[White "Piekki"]
[Black "Difficult"]
[WhiteElo "2000"]
[BlackElo "1890"]
[Result "1-0"]
[Round "1"]
1.e4 e6
2.d4 d5
3.Nb1c3 Bf8b4
4.e5 c5
5.a3 Bb4xc3
6.bxc3 Qd8a5
7.Bc1d2 Ng8e7
8.Ng1f3 a6
9.h4 c4
10.h5 h6
11.Nf3h4 Qa5a4
12.g4 b5
13.Bf1h3 Nb8c6
14.f4 Bc8d7
15.f5 exf5
16.gxf5 O-O-O
17.e6 fxe6
18.fxe6 Bd7e8
19.O-O Qa4a5
20.Qd1g4 { resign }
1-0

[Event "Tourn. n8709"]
[Site "www.chess-mail.com"]
[Date "2016.04.02"]
[Round "1"]
[White "Difficult"]
[Black "Elogic"]
[WhiteElo "1890"]
[BlackElo "1800"]
[Result "0-1"]
[Round "1"]
1.d4 Nb8c6
2.d5 Nc6e5
3.e4 e6
4.c4 Bf8c5
5.Bf1e2 Qd8h4
6.Ng1h3 Ne5xc4
7.Be2xc4 Qh4xe4
8.Kf1 Qe4xc4
{ resign }
0-1

[Event "Tourn. n8700"]
[Site "www.chess-mail.com"]
[Date "2016.04.02"]
[Round "1"]
[White "Matchbox"]
[Black "Odin"]
[WhiteElo "1810"]
[BlackElo "1990"]
[Result "1-0"]
[Round "1"]
1.e4 e5
2.Ng1f3 d6
3.d4 Nb8d7
4.Nb1c3 exd4
5.Nf3xd4 c5
6.Nd4f5 g6
7.Nf5xd6 Bf8xd6
8.Qd1xd6 a6
9.Nc3d5 b6
10.Nd5c7 Qd8xc7
11.Qd6xc7 Ng8f6
12.Bc1g5 h6
13.Bg5xf6 O-O
14.Bf6c3 Ra8b8
15.O-O-O Rb8b7
16.Qc7g3 Kh7
17.Bf1xa6 Rb7b8
18.Ba6xc8 Rb8xc8
19.Rd1xd7 b5
20.Qg3e5 { resign }
1-0

[Event "Tourn. n8539"]
[Site "www.chess-mail.com"]
[Date "2016.04.02"]
[Round "1"]
[White "Andychesston"]
[Black "Norlavuaram"]
[WhiteElo "2030"]
[BlackElo "2150"]
[Result "1/2-1/2"]
[Round "1"]
1.e4 e5
2.Ng1f3 Nb8c6
3.d4 exd4
4.Nf3xd4 Bf8c5
5.Bc1e3 Qd8f6
6.c3 Ng8e7
7.b4 Bc5xd4
8.Be3xd4 Nc6xd4
9.Qd1xd4 Qf6xd4
10.cxd4 O-O
11.Bf1c4 d6
12.h3 Ne7c6
13.d5 Nc6e5
14.Nb1d2 Ne5xc4
15.Nd2xc4 f5
16.f3 fxe4
17.fxe4 Bc8d7
18.a4 Rf8f4
19.Nc4d2 Ra8f8
20.O-O-O Bd7xa4
21.Rd1e1 Rf4f2
22.g4 Ba4b5
23.e5 dxe5
24.Re1xe5 Rf2g2
25.d6 Bb5c6
26.b5 cxd6
27.Re5g5 Bc6xb5
28.Rg5xb5 Rf8f2
29.Rb5d5 Rg2h2
30.Rh1xh2 Rf2xh2
31.Rd5h5 g6
32.Rh5h4 Kg7
33.g5 Rh2e2
34.Rh4d4 Re2e5
35.h4 Re5c5
36.Kd1 d5
37.Nd2b3 Rc5c3
38.Nb3a5 b6
39.Na5b7 Rc3c4
40.Rd4xd5 Rc4xh4
41.Nb7d6 h6
42.gxh6 Kxh6
43.Nd6c8 Rh4h5
44.Rd5d6 Rh5a5
45.Rd6d7 Ra5c5
46.Nc8xa7 Rc5f5
47.Rd7b7 b5
48.Na7xb5 g5
49.Rb7b6 Kh5
50.Nb5c3 Rf5f1
51.Ke2 Rf1f8
52.Rb6b5 Kh4
53.Nc3d1 g4
54.Rb5b4 Kh3
55.Nd1f2 Kh2
56.Rb4xg4 Rf8e8
57.Kf1 Re8e1
58.Kxe1 
1/2-1/2

[Event "Tourn. n8645"]
[Site "www.chess-mail.com"]
[Date "2016.04.02"]
[Round "1"]
[White "Odin"]
[Black "Julian"]
[WhiteElo "1900"]
[BlackElo "2030"]
[Result "1/2-1/2"]
[Round "1"]
1.e4 c5
2.c3 Nb8c6
3.Ng1f3 e6
4.d4 cxd4
5.cxd4 d6
6.Bf1b5 a6
7.Bb5a4 b5
8.Ba4b3 Ng8f6
9.Bc1g5 Bf8e7
10.Nb1d2 O-O
11.O-O Bc8b7
12.d5 Nc6a5
13.dxe6 Na5xb3
14.exf7 Kh8
15.Qd1xb3 Nf6xe4
16.Nd2xe4 Bb7xe4
17.Rf1e1 d5
18.Nf3d4 Be7xg5
19.Nd4e6 Qd8f6
20.Ne6xf8 Ra8xf8
21.f3 Qf6d4
22.Kh1 Be4g6
23.Ra1d1 Qd4h4
24.Qb3xd5 Bg6xf7
25.Qd5d6 Rf8g8
26.Re1e4 Qh4f2
27.Qd6d7 Qf2c2
28.Rd1e1 Bf7g6
29.Re4e2 Qc2c8
30.Qd7d5 Bg5f6
31.h3 Rg8d8
32.Qd5b3 h6
33.a4 bxa4
34.Qb3xa4 Bg6d3
35.Re2e8 Kh7
36.Re8e6 Bd3b5
37.Qa4e4 Kg8
38.Re6xf6 gxf6
39.Qe4g6 Kf8
40.Qg6xf6 Kg8
41.Qf6g6 Kf8
42.Qg6xh6 { draw }
1/2-1/2

[Event "Tourn. n8655"]
[Site "www.chess-mail.com"]
[Date "2016.04.02"]
[Round "1"]
[White "Difficult"]
[Black "Elogic"]
[WhiteElo "1890"]
[BlackElo "1960"]
[Result "0-1"]
[Round "1"]
1.d4 g6
2.g3 d5
3.Bf1g2 Bf8g7
4.Ng1f3 b6
5.O-O Bc8b7
6.Nf3e5 Bg7xe5
7.dxe5 e6
8.c4 Ng8e7
9.Bc1g5 O-O
10.Qd1d2 c6
11.Bg5f6 Nb8d7
12.Qd2h6 Ne7f5
13.Qh6g5 Nd7xf6
14.exf6 h6
15.Qg5f4 Qd8xf6
16.g4 Qf6xb2
17.Nb1d2 g5
18.Qf4f3 Nf5d4
{ resign }
0-1

[Event "Tourn. n8707"]
[Site "www.chess-mail.com"]
[Date "2016.04.02"]
[Round "1"]
[White "Prize64"]
[Black "Umzi"]
[WhiteElo "2200"]
[BlackElo "2200"]
[Result "1-0"]
[Round "1"]
1.e4 d5
2.exd5 Qd8xd5
3.Ng1f3 Nb8c6
4.d4 Ng8f6
5.c4 Qd5d8
6.h3 e6
7.Bc1e3 Bf8b4
8.Nb1d2 O-O
9.Bf1d3 b6
10.O-O Bc8b7
11.a3 Bb4e7
12.b4 Rf8e8
13.Qd1c2 g6
14.Ra1d1 Be7f8
15.Nd2e4 Bf8g7
16.Rf1e1 Nc6e7
17.Ne4xf6 Bg7xf6
18.Nf3e5 Bf6g7
19.Bd3e4 Bb7xe4
20.Qc2xe4 Ne7f5
21.Be3f4 Nf5d6
22.Qe4f3 Qd8f6
23.Ne5g4 Qf6f5
24.Re1e5 Bg7xe5
25.Ng4h6 Kf8
26.Nh6xf5 { resign }
1-0

[Event "Tourn. n8654"]
[Site "www.chess-mail.com"]
[Date "2016.04.02"]
[Round "1"]
[White "Cal"]
[Black "Elogic"]
[WhiteElo "1780"]
[BlackElo "1960"]
[Result "0-1"]
[Round "1"]
1.Nb1c3 e5
2.a3 c6
3.e4 Bf8c5
4.Ng1f3 d5
5.d3 Bc8g4
6.Bf1e2 d4
7.Nc3a4 Bc5d6
8.h3 Bg4d7
9.c3 b5
10.b4 bxa4
11.c4 c5
12.b5 Qd8b6
13.Nf3h4 g6
14.O-O Ng8e7
15.Bc1g5 Ne7g8
16.f4 exf4
17.Qd1xa4 h6
18.Bg5xf4 Bd6xf4
19.Rf1xf4 g5
20.Rf4f2 gxh4
21.Be2h5 Bd7e6
22.Rf2f4 Ng8e7
23.Ra1f1 Rh8f8
24.Rf4f6 Nb8d7
25.Qa4d1 Nd7xf6
26.Rf1xf6 a6
27.Qd1d2 axb5
28.cxb5 Ra8xa3
29.Qd2xh6 Ra3a1
30.Kf2 Qb6d6
31.Qh6g5 c4
32.Bh5g4 Qd6g3
33.Ke2 Qg3xd3
34.Kf2 Qd3f1

0-1

[Event "Tourn. n8699"]
[Site "www.chess-mail.com"]
[Date "2016.04.02"]
[Round "1"]
[White "Daquata"]
[Black "Azulmarino"]
[WhiteElo "1660"]
[BlackElo "1490"]
[Result "1-0"]
[Round "1"]
1.e4 e5
2.Ng1f3 Nb8c6
3.Bf1c4 h6
4.d4 Qd8f6
5.Nb1c3 exd4
6.Nc3d5 Qf6d6
7.Bc1f4 Qd6g6
8.O-O Qg6xe4
9.Rf1e1 Qe4xe1
10.Qd1xe1 Ng8e7
11.Nd5xc7 Kd8
12.Nc7xa8 f6
13.Na8c7 g5
14.Bf4d6 Ne7f5
15.Qe1e8 { resign }
1-0

[Event "Tourn. n8626"]
[Site "www.chess-mail.com"]
[Date "2016.04.02"]
[Round "1"]
[White "Rons"]
[Black "Yangqi"]
[WhiteElo "2590"]
[BlackElo "2640"]
[Result "0-1"]
[Round "1"]
1.e4 e5
2.Ng1f3 Nb8c6
3.Bf1b5 Nc6d4
4.Nf3xd4 exd4
5.O-O Bf8c5
6.d3 c6
7.Bb5c4 d5
8.exd5 cxd5
9.Bc4b3 Ng8e7
10.Bc1g5 f6
11.Bg5f4 O-O
12.Nb1d2 Kh8
13.Rf1e1 a5
14.a4 Bc5b4
15.h3 g5
16.Bf4h2 Ra8a6
17.Kh1 Ra6c6
18.Re1e2 Bc8e6
19.Nd2b1 Be6d7
20.Nb1a3 Rc6b6
21.Qd1g1 Bb4c5
22.Na3b1 Kg7
23.Nb1d2 Rb6e6
24.Ra1e1 Re6xe2
25.Re1xe2 h5
26.Nd2f3 Bd7f5
27.Qg1e1 Ne7g6
28.c3 dxc3
29.Qe1xc3 Qd8b6
30.Bb3xd5 Rf8c8
31.Qc3d2 g4
32.Nf3g1 Rc8d8
33.Bd5e4 Bf5xe4
34.Re2xe4 Bc5xf2
35.hxg4 hxg4
36.Re4xg4 Bf2xg1
37.Bh2xg1 Rd8h8
38.Bg1h2 Qb6d6
39.g3 Qd6d5
40.Kg1 Rh8e8
41.Qd2c3 Qd5h5
42.Qc3c7 Kf8
43.Qc7d6 Kf7
44.Qd6c7 Re8e7
45.Qc7c4 Kg7
46.Rg4e4 Qh5d1
47.Kg2 Ng6e5
48.Qc4c3 Qd1f3
49.Kg1 Re7d7
50.Re4f4 Qf3d1
51.Rf4f1 Qd1xa4
52.b3 Qa4g4
53.d4 Rd7xd4
54.Qc3c5 Qg4d7
55.Qc5xa5 Ne5g4
56.Qa5f5 Qd7xf5
57.Rf1xf5 Rd4d1
{ resign }
0-1

[Event "Tourn. n8628"]
[Site "www.chess-mail.com"]
[Date "2016.04.02"]
[Round "1"]
[White "Neo"]
[Black "Gilliere"]
[WhiteElo "1840"]
[BlackElo "1880"]
[Result "0-1"]
[Round "1"]
1.d4 d5
2.e3 Nb8c6
3.g3 e6
4.Bf1g2 Ng8f6
5.Ng1f3 Bf8e7
6.Nf3e5 Nc6xe5
7.dxe5 Nf6d7
8.b3 Nd7xe5
9.O-O O-O
10.Bc1b2 Be7f6
11.Nb1c3 c6
12.Nc3a4 b5
13.Na4c3 Bc8a6
14.Nc3e2 b4
15.Ra1b1 Ba6xe2
16.Qd1xe2 a5
17.a4 Ne5d7
18.Bb2xf6 Nd7xf6
19.Rf1d1 Qd8b6
20.Rd1d4 c5
21.Rd4d2 Nf6e4
22.Bg2xe4 dxe4
23.c4 f5
24.Rd2d7 Rf8d8
25.Rd7xd8 Ra8xd8
26.Qe2b2 Rd8d3
27.Qb2e5 Qb6d6
28.Qe5b2 Rd3d1
29.Rb1xd1 Qd6xd1
30.Kg2 Qd1d6
31.Qb2a1 e5
32.Qa1c1 g6
33.Qc1c2 Qd6d3
34.Qc2b2 Qd3c3
35.Qb2b1 Kg7
36.Qb1d1 Qc3d3
37.Qd1a1 Kf6
38.Qa1a2 g5
39.Qa2b2 Qd3c3
40.Qb2a2 f4
41.exf4 Qc3f3
42.Kg1 exf4
43.Qa2b2 Qf3c3
44.Qb2e2 Qc3c1
45.Qe2f1 Qc1xf1
46.Kxf1 fxg3
47.hxg3 Kf5
48.Ke2 g4
49.Ke3 Ke5
50.Kd2 Kd4
51.Kc2 e3
52.fxe3 Kxe3
53.Kd1 Kf3
54.Kd2 Kxg3
55.Ke3 Kg2
56.Kf4 g3
57.Kg4 Kf2
58.Kh3 g2
59.Kh2 g1Q
{ resign }
0-1

[Event "Tourn. n8712"]
[Site "www.chess-mail.com"]
[Date "2016.04.02"]
[Round "1"]
[White "Elogic"]
[Black "Umutkrc"]
[WhiteElo "1800"]
[BlackElo "2039"]
[Result "1/2-1/2"]
[Round "1"]
1.Ng1f3 d6
2.c4 Nb8c6
3.e3 e5
4.d4 exd4
5.exd4 h6
6.Bc1e3 d5
7.c5 Ng8f6
8.Bf1b5 Bc8g4
9.O-O Nf6e4
10.Bb5xc6 bxc6
11.h3 Bg4h5
12.g4 Bh5g6
13.Nf3e5 Qd8f6
14.Qd1a4 Ne4g5
15.Be3xg5 hxg5
16.Kh2 Qf6f4
17.Kg2 Qf4e4
18.f3 Qe4e2
19.Rf1f2 Qe2b5
20.Qa4d1 Bg6h7
21.Nb1c3 Qb5a6
22.Rf2e2 Bf8e7
23.Qd1a4 Qa6xa4
24.Nc3xa4 O-O
25.Ne5xc6 Be7f6
26.Na4c3 Bh7d3
27.Re2e3 Bd3c4
28.b3 Bc4a6
29.Nc3xd5 Bf6d8
30.Nc6e7 Kh8
31.Ne7c6 Ba6b7
32.Nc6b4 Bb7xd5
33.Nb4xd5 c6
34.Nd5b4 Ra8c8
35.Ra1d1 a5
36.Nb4d3 a4
37.b4 a3
38.Nd3e5 Kg8
39.Re3xa3 f6
40.Ne5c4 Bd8c7
41.Nc4a5 Rf8e8
42.Na5xc6 Re8e2
43.Kh1 Rc8e8
44.b5 Re2h2
45.Kg1 Re8e2
46.Ra3e3 Re2g2
47.Kf1 Rg2xa2
48.Kg1 Ra2g2
49.Kf1 Rg2b2
50.Kg1 Rh2xh3
51.Re3e8 Kh7
52.Rd1e1 Bc7h2
53.Kf1 Bh2g3
54.Re1e2 Rb2b1
55.Kg2 Rb1h1
56.Re2e1 Rh1h2
57.Kg1 { draw }
1/2-1/2

[Event "Tourn. n8645"]
[Site "www.chess-mail.com"]
[Date "2016.04.02"]
[Round "1"]
[White "Hundegana"]
[Black "Estonia"]
[WhiteElo "1900"]
[BlackElo "1990"]
[Result "1/2-1/2"]
[Round "1"]
1.e4 c5
2.f4 Nb8c6
3.e5 d5
4.d3 e6
5.g3 Ng8h6
6.c3 f5
7.Bf1g2 Qd8e7
8.Nb1d2 g6
9.Ng1f3 Nh6f7
10.O-O Bf8h6
11.Nd2b3 O-O
12.Bc1e3 b6
13.a4 a5
14.Ra1b1 Bc8a6
15.Rf1f2 Ra8b8
16.Bg2f1 Rf8d8
17.d4 Ba6xf1
18.Rf2xf1 c4
19.Nb3d2 Bh6f8
20.Rf1f2 Nf7h6
21.h3 Nh6f7
22.Kg2 h5
23.h4 Nf7h6
24.Rf2f1 Nh6g4
25.Be3g1 Qe7d7
26.b3 cxb3
27.Rb1xb3 Nc6a7
28.Qd1b1 b5
29.axb5 Rb8xb5
30.Rb3xb5 Qd7xb5
31.Qb1xb5 Na7xb5
32.c4 dxc4
33.Nd2xc4 Bf8b4
34.Nf3g5 Rd8c8
35.Nc4d6 Nb5xd6
36.exd6 Bb4xd6
37.Ng5xe6 Kf7
38.Ne6g5 Kg8
39.Rf1a1 Rc8c2
40.Kf3 Bd6b4
41.Ra1d1 Ng4f6
42.d5 Rc2c3
43.Kg2 Nf6e4
44.Ng5xe4 fxe4
45.d6 Rc3c2
46.Kh3 a4
47.d7 Bb4a5
48.d8Q Ba5xd8
49.Rd1xd8 Kf7
50.Rd8d4 a3
51.Rd4xe4 a2
52.Re4e1 Rc2e2
53.Re1a1 Ke6
54.Bg1d4 Kd5
55.Bd4e5 Kc4
56.Ra1c1 Kd5
57.g4 Re2e3
58.Kg2 hxg4
59.Kf2 Re3h3
60.Kg2 Rh3xh4
61.Rc1a1 g5
62.Ra1xa2 Rh4h7
63.Ra2d2 Ke4
64.Rd2e2 Kf5
65.fxg5 Kxg5
66.Be5g3 Rh7b7
67.Re2e5 Kf6
68.Re5e2 Rb7b3
69.Bg3h4 Kf5
70.Re2f2 Kg6
71.Rf2f4 Kh5
72.Bh4f6 Rb3a3
73.Bf6d4 Ra3a2
74.Bd4f2 Kg5
75.Rf4f8 Ra2a3
76.Rf8g8 Kf5
77.Rg8f8 Kg5
78.Bf2c5 Ra3c3
79.Bc5e7 Kg6
80.Rf8g8 Kf7
81.Rg8xg4 Kxe7
82.Rg4g3 Rc3xg3
83.Kxg3 Kf6
{ draw }
1/2-1/2

[Event "Tourn. n8675"]
[Site "www.chess-mail.com"]
[Date "2016.04.02"]
[Round "1"]
[White "Azulmarino"]
[Black "Daquata"]
[WhiteElo "1490"]
[BlackElo "1590"]
[Result "0-1"]
[Round "1"]
1.e4 e5
2.Ng1f3 Nb8c6
3.Nb1c3 Ng8f6
4.h3 Bf8b4
5.Bf1c4 O-O
6.Nc3e2 Nf6xe4
7.c3 Bb4e7
8.d3 Ne4f6
9.Bc1g5 d5
10.Bc4b5 h6
11.Bg5xf6 Be7xf6
12.Bb5xc6 bxc6
13.O-O Ra8b8
14.Qd1c2 Bc8f5
15.Ra1d1 c5
16.Qc2b3 Rb8xb3
17.axb3 c6
18.c4 Qd8b6
19.Nf3d2 Bf5xd3
20.Rf1e1 Bd3c2
21.Rd1c1 Bc2xb3
22.cxd5 cxd5
23.Ne2c3 Bf6g5
24.Re1e2 f5
25.Re2xe5 Bg5xd2
26.Nc3xd5 Bb3xd5
27.Re5xd5 Bd2xc1
28.g4 fxg4
29.hxg4 c4
{ resign }
0-1

[Event "Match"]
[Site "www.echecsemail.com"]
[Date "2016.04.02"]
[Round "1"]
[White "Sagara1977"]
[Black "Azulmarino"]
[WhiteElo "1700"]
[BlackElo "1510"]
[Result "0-1"]
[Round "1"]
1.e4 e5
2.Qd1f3 Ng8f6
3.Bf1c4 Bf8c5
4.Nb1c3 a6
5.Nc3d5 Nb8c6
6.Nd5xf6 Qd8xf6
7.c3 O-O
8.b4 Bc5d6
9.Ng1h3 h6
10.d3 Nc6e7
11.Qf3xf6 gxf6
12.Bc1xh6 Rf8e8
13.g4 Ne7g6
14.g5 Bd6e7
15.Rh1g1 d6
16.Rg1g3 Bc8d7
17.gxf6 Be7xf6
18.Bh6g5 Bf6g7
19.f3 b5
20.Bc4b3 Ra8b8
21.a4 c6
22.axb5 axb5
23.Ra1a7 Bd7xh3
24.Rg3xh3 c5
25.Bb3xf7 Kf8
26.Bf7xe8 Rb8xe8
27.Bg5h6 Ng6e7
28.Bh6xg7 Kxg7
29.Rh3g3 Kf6
30.bxc5 dxc5
31.h4 Ne7c6
32.h5 Nc6xa7
33.Ke2 Na7c6
34.Rg3g6 Kf7
35.Rg6xc6 Re8h8
36.h6 b4
37.Kd2 b3
38.Kc1 Rh8b8
39.Rc6xc5 b2
40.Kb1 Ke6
41.c4 Rb8h8
42.Rc5c6 Kf7
43.Kxb2 Rh8b8
44.Kc3 Rb8g8
45.h7 Rg8h8
46.Rc6c7 Kg6
47.c5 Rh8f8
48.c6 Kh6
49.Kc4 Kg6
50.Kc5 Kf6
51.Rc7d7 Ke6
52.Kb6 Rf8c8
53.Kb7 Rc8e8
54.Rd7g7 Kd6
55.Rg7g8 Re8e7
56.Kb8 Re7xh7
57.Rg8d8 Kxc6
58.d4 Rh7b7
59.Ka8 exd4
60.Rd8xd4 Rb7b5
61.f4 Kc7
62.Rd4a4 Rb5b6
63.f5 Rb6f6
64.Ra4a7 Kb6
65.Ra7b7 Ka6
66.Kb8 Rf6f8
67.Kc7 Rf8f7
68.Kd6 Kxb7
69.Ke6 Rf7f8
70.f6 Rf8e8
71.Kd5 Kc7
72.e5 Re8d8
73.Ke6 Rd8e8
74.Kf7 Re8xe5
75.Kf8 Re5f5
76.f7 Kd7
77.Kg7 Ke7
78.f8B Rf5xf8
79.Kg6 Rf8f6
80.Kg5 Ke6
81.Kg4 Ke5
82.Kg5 Rf6f5
83.Kg4 Ke4
84.Kg3 Rf5f4
85.Kg2 Rf4f3
86.Kg1 Kf4
87.Kg2 Kg4
88.Kh2 Rf3f2
89.Kh1 Kh3
90.Kg1 Kg3
91.Kh1 Rf2f1
{ resign }
0-1

[Event "Match"]
[Site "www.echecsemail.com"]
[Date "2016.04.02"]
[Round "1"]
[White "Snickers"]
[Black "Gimmyg"]
[WhiteElo "1809"]
[BlackElo "2540"]
[Result "0-1"]
[Round "1"]
1.e4 e6
2.d4 d5
3.exd5 exd5
4.Nb1c3 c6
5.Ng1f3 Bf8d6
6.Bf1d3 Ng8e7
7.O-O O-O
8.Nf3e5 Nb8d7
9.Rf1e1 Nd7xe5
10.dxe5 Bd6c7
11.Bc1g5 Qd8e8
12.Qd1h5 Ne7g6
13.f4 Qe8d7
14.f5 Ng6xe5
15.Re1xe5 Bc7xe5
16.f6 h6
17.Bg5xh6 Be5d4
18.Kh1 Qd7g4
19.fxg7 Rf8e8
20.Qh5xg4 Bc8xg4
{ resign }
0-1

[Event "Match"]
[Site "www.echecsemail.com"]
[Date "2016.04.02"]
[Round "1"]
[White "Shihchuliao"]
[Black "Tonino1"]
[WhiteElo "2070"]
[BlackElo "2010"]
[Result "1-0"]
[Round "1"]
1.e4 c5
2.c4 Nb8c6
3.Ng1f3 e6
4.Nb1c3 g6
5.b3 Bf8g7
6.Bc1b2 d6
7.Ra1b1 Ng8f6
8.h3 O-O
9.g4 Nc6d4
10.Bf1g2 a6
11.Nf3xd4 cxd4
12.Nc3e2 e5
13.f4 Qd8b6
14.f5 g5
15.Ne2g3 Bc8d7
16.d3 Qb6a5
17.Kf2 b5
18.a3 Ra8b8
19.b4 Qa5b6
20.h4 bxc4
21.hxg5 Nf6e8
22.dxc4 Rb8c8
23.Qd1d3 a5
24.b5 Qb6c5
25.Rb1c1 Ne8c7
26.f6 Bg7h8
27.Ng3f5 Bd7xf5
28.exf5 Nc7a8
29.Rh1h6 Na8b6
30.Rc1h1 Nb6d7
31.Rh6xh7 Bh8xf6
32.gxf6 Nd7xf6
33.Rh7h8 Kg7
34.Rh8xf8 Kxf8
35.Rh1h8 Nf6g8
36.f6 Qc5xc4
37.Qd3xc4 Rc8xc4
38.Bg2e4  { time }
1-0

[Event "Match"]
[Site "www.echecsemail.com"]
[Date "2016.04.02"]
[Round "1"]
[White "Gambitmiau"]
[Black "Genius2"]
[WhiteElo "1860"]
[BlackElo "1740"]
[Result "0-1"]
[Round "1"]
1.e4 e6
2.d4 d5
3.Nb1c3 Ng8f6
4.e5 Nf6d7
5.Ng1f3 c5
6.Bf1b5 a6
7.Bc1g5 Bf8e7
8.Bb5xd7 Bc8xd7
9.Bg5xe7 Qd8xe7
10.O-O cxd4
11.Nf3xd4 Nb8c6
12.Nc3a4 Nc6xd4
13.Qd1xd4 Bd7xa4
14.Qd4xa4 Qe7d7
15.Qa4xd7 Kxd7
16.f4 g6
17.Ra1c1 Ra8c8
18.b3 Rc8c3
19.Rf1f3 Rc3xf3
20.g3 Rh8c8
21.c4 dxc4
22.Kg2 Rf3d3
23.bxc4 b5
24.c5 Rd3d5
{ resign }
0-1

[Event "Match"]
[Site "www.echecsemail.com"]
[Date "2016.04.02"]
[Round "1"]
[White "Genius9"]
[Black "Tartan"]
[WhiteElo "1790"]
[BlackElo "2430"]
[Result "0-1"]
[Round "1"]
1.c4 Ng8f6
2.Nb1c3 g6
3.d4 d5
4.Bc1f4 Bf8g7
5.e3 c5
6.Ng1f3 O-O
7.Bf1e2 Nb8c6
8.cxd5 Nf6xd5
9.Bf4g3 Qd8a5
10.Qd1d2 cxd4
11.exd4 Rf8d8
12.O-O Nd5xc3
13.bxc3 e5
14.Qd2c2 exd4
15.cxd4 Nc6xd4
16.Nf3xd4 Rd8xd4
17.Be2f3 Rd4d2
18.Qc2e4 Bg7xa1
19.Qe4e8 Kg7
20.Rf1xa1 Qa5d8
21.Qe8e3 Bc8f5
22.Bg3e5 f6
{ resign }
0-1

[Event "Match"]
[Site "www.echecsemail.com"]
[Date "2016.04.02"]
[Round "1"]
[White "Bjornhn"]
[Black "Watford"]
[WhiteElo "1699"]
[BlackElo "1690"]
[Result "0-1"]
[Round "1"]
1.d4 d5
2.c4 c6
3.Nb1c3 e6
4.e3 Ng8f6
5.Ng1f3 Nb8d7
6.Bf1d3 dxc4
7.Bd3xc4 b5
8.Bc4b3 a6
9.O-O Bc8b7
10.a4 Bf8e7
11.Rf1e1 O-O
 { time }
0-1

[Event "Match"]
[Site "www.echecsemail.com"]
[Date "2016.04.02"]
[Round "1"]
[White "Tonino1"]
[Black "Badshahc"]
[WhiteElo "2040"]
[BlackElo "2059"]
[Result "0-1"]
[Round "1"]
1.d4 Ng8f6
2.Ng1f3 d6
3.e3 g6
4.Bf1d3 Bf8g7
5.b3 O-O
6.Bc1b2 Bc8g4
7.Nb1d2 Nb8d7
8.O-O Rf8e8
9.c4 e5
10.dxe5 dxe5
11.e4 Nf6h5
12.h3 Bg4xf3
13.Nd2xf3 Nh5f4
14.Bd3c2 Nd7c5
15.Rf1e1 Qd8xd1
16.Ra1xd1 Ra8d8
17.Rd1xd8 Re8xd8
18.Bb2xe5 Bg7xe5
19.Nf3xe5 Rd8d2
20.Bc2b1 Nf4e2
21.Kh1 Ne2c3
22.b4 Nc5e6
23.a3 Rd2xf2
24.Ne5g4 Rf2b2
25.Bb1d3 Rb2a2
26.Ng4f6 Kg7
27.Nf6d5 Ra2xa3
28.Nd5xc3 Ra3xc3
29.Re1d1 Rc3b3
30.b5 Ne6c5
31.Bd3b1 Rb3e3
32.Rd1d5 Nc5xe4
33.Bb1xe4 Re3xe4
34.Rd5c5 Re4e7
35.Kg1 f5
36.Kf2 Kf6
37.g3 Ke6
38.Kf3 Kd7
39.Rc5d5 Kc8
40.c5 c6
41.bxc6 bxc6
42.Rd5d6 Kc7
43.Rd6d3 Re7e5
 { time }
0-1

[Event "Match"]
[Site "www.echecsemail.com"]
[Date "2016.04.02"]
[Round "1"]
[White "Fangshuo"]
[Black "Milkyway"]
[WhiteElo "2120"]
[BlackElo "1809"]
[Result "1-0"]
[Round "1"]
1.e4 e6
2.Ng1f3 d5
3.Bf1b5 c6
4.Bb5a4 dxe4
5.Nf3g1 Ng8f6
6.Nb1c3 Bf8c5
7.Qd1e2 O-O
8.Nc3xe4 Nf6xe4
9.Qe2xe4 Qd8d5
10.Qe4e2 e5
11.Ng1f3 e4
12.Nf3h4 Rf8e8
13.Ba4b3 Qd5g5
14.g3 Bc8d7
15.O-O Nb8a6
16.d4 { resign }
1-0

[Event "Match"]
[Site "www.echecsemail.com"]
[Date "2016.04.02"]
[Round "1"]
[White "Witpar"]
[Black "Delacey"]
[WhiteElo "2700"]
[BlackElo "1960"]
[Result "1-0"]
[Round "1"]
1.d4 d5
2.c4 e5
3.dxe5 d4
4.Ng1f3 c5
5.e3 Nb8c6
6.exd4 cxd4
7.Bf1d3 Bc8g4
8.O-O Bf8c5
9.h3 Bg4xf3
10.Qd1xf3 Ng8e7
11.e6 O-O
12.exf7 Rf8xf7
13.Qf3h5 g6
14.Qh5xc5 b6
15.Qc5a3 Nc6e5
16.Bc1g5 Ne5xd3
17.Qa3xd3 Qd8d7
18.Nb1c3 Ne7f5
19.Nc3d5 h6
20.Bg5xh6 Ra8e8
21.g4 Nf5h4
22.f4 Qd7c6
23.Bh6g5 Nh4f5
24.gxf5 Rf7xf5
25.Ra1e1 Re8xe1
26.Rf1xe1 a6
27.Nd5e7 { resign }
1-0